000 00497nam a2200193 a 4500
001 1771568782308
003 YourLibrary
005 20260220115749.0
008 260220s1992##################000#0#eng##
020 _a9780262661386
082 0 4 _a336.200973
_bPOT
100 1 _aPoterba, James M..,
_eauthor.
245 1 0 _aTax Policy and the Economy :
260 _bMIT Press,
_c1992.
300 _a234 pages
650 0 _aTaxation.
942 _cENGLISH
040 _aYourLibrary
_beng
_cYourLibrary
999 _c614053
_d614053